|
|
|
|
| LEADER |
00000cam a22000004a 4500 |
| 001 |
musev2_85200 |
| 003 |
MdBmJHUP |
| 005 |
20230905052744.0 |
| 006 |
m o d |
| 007 |
cr||||||||nn|n |
| 008 |
950925s1996 nju o 00 0 eng d |
| 020 |
|
|
|a 9780691234601
|
| 020 |
|
|
|z 9780691021447
|
| 020 |
|
|
|z 9780691021430
|
| 035 |
|
|
|a (OCoLC)1273306459
|
| 040 |
|
|
|a MdBmJHUP
|c MdBmJHUP
|
| 245 |
0 |
0 |
|a Religions of China in Practice /
|c Donald S. Lopez, Jr., editor.
|
| 264 |
|
1 |
|a Princeton, NJ :
|b Princeton University Press,
|c op. 1996.
|
| 264 |
|
3 |
|a Baltimore, Md. :
|b Project MUSE,
|c 2021
|
| 264 |
|
4 |
|c ©op. 1996.
|
| 300 |
|
|
|a 1 online resource (520 pages).
|
| 336 |
|
|
|a text
|b txt
|2 rdacontent
|
| 337 |
|
|
|a computer
|b c
|2 rdamedia
|
| 338 |
|
|
|a online resource
|b cr
|2 rdacarrier
|
| 490 |
0 |
|
|a Princeton readings in religions
|
| 588 |
|
|
|a Description based on print version record.
|
| 651 |
|
7 |
|a China.
|2 gtt
|0 (NL-LeOCL)078467772
|
| 651 |
|
7 |
|a China.
|2 fast
|0 (OCoLC)fst01206073
|
| 651 |
|
4 |
|a China.
|
| 651 |
|
0 |
|a China.
|
| 650 |
1 |
7 |
|a Taoïsme.
|2 gtt
|0 (NL-LeOCL)07868479X
|
| 650 |
1 |
7 |
|a Boeddhisme.
|2 gtt
|0 (NL-LeOCL)078456290
|
| 650 |
1 |
7 |
|a Confucianisme.
|2 gtt
|0 (NL-LeOCL)078474507
|
| 650 |
|
7 |
|a Religion
|2 gnd
|
| 650 |
|
7 |
|a 11.86 religions of China.
|0 (NL-LeOCL)077594584
|2 bcl
|
| 655 |
|
7 |
|a Bronnen (vorm)
|2 gtt
|0 (NL-LeOCL)088142175
|
| 655 |
|
7 |
|a Electronic books.
|2 local
|
| 700 |
1 |
|
|a Lopez, Donald S.,
|c Jr.,
|d 1952-
|
| 710 |
2 |
|
|a Project Muse.
|e distributor
|
| 830 |
|
0 |
|a Book collections on Project MUSE.
|
| 856 |
4 |
0 |
|z Texto completo
|u https://projectmuse.uam.elogim.com/book/85200/
|
| 945 |
|
|
|a Project MUSE - Custom Collection
|